| 000 | 01193nam a22003377a 4500 | ||
|---|---|---|---|
| 001 | 582687 | ||
| 003 | OSt | ||
| 005 | 20210426120508.0 | ||
| 008 | 900829s1990 nyu 000 1 eng | ||
| 010 | _a 90047478 | ||
| 020 | _a0679402152 | ||
| 040 |
_aDLC _cDLC _dDLC _beng |
||
| 041 | _aeng | ||
| 050 | 0 | 0 |
_aPR6031.R7 _bA15 1991 |
| 080 |
_a821.111 _bP-92 |
||
| 082 | 0 | 0 |
_a823/.912 _220 |
| 100 | 1 |
_aPritchett, V. S. _q(Victor Sawdon), _d1900-1997. |
|
| 240 | 1 | 0 | _aShort stories |
| 245 | 1 | 0 |
_aComplete collected stories / _cV.S. Pritchett. _b/ by: Random House |
| 250 | _a1st U.S. edition | ||
| 260 |
_aNew York : _bRandom House _c[c1990] |
||
| 300 |
_ax, 1219, [1] p. _c25 cm. |
||
| 365 | _b35 usd | ||
| 500 | _a"Originally published in Great Britain by Chatto and Windus Ltd., London in 1990"--T.p. verso. | ||
| 650 | 0 |
_9254 _aEnglish literature |
|
| 651 | 0 |
_aEngland _xSocial life and customs _xFiction. |
|
| 653 | _aინგლისური ლიტერატურა | ||
| 906 |
_a7 _bcbc _corignew _d1 _eocip _f19 _gy-gencatlg |
||
| 942 |
_2udc _cBK _e1 |
||
| 999 |
_c1034 _d1034 |
||